LEADER 01398nam 2200421 450 001 9910708275203321 005 20131021134356.0 035 $a(CKB)4970000000036286 035 $a(OCoLC)861187760 035 $a(EXLCZ)994970000000036286 100 $a20131021d2013 ua 0 101 0 $aeng 135 $aurmn||||||||| 181 $2rdacontent 182 $2rdamedia 183 $2rdacarrier 200 10$aInformation on defective drywall /$fAlicia Puente Cackley 210 1$aWashington, DC :$cU.S. Government Accountability Office,$d2013. 215 $a1 online resource (15 pages) $ccolor illustrations, color maps 300 $aTitle from title screen (viewed Oct. 17, 2013). 300 $a"July 31, 2013." 300 $a"GAO-13-735R." 320 $aIncludes bibliographical references. 517 3 $aDefective drywall 606 $aDrywall$xDefects$zChina 606 $aDrywall$xDefects$xGovernment policy$zUnited States 606 $aConsumer protection$zUnited States 615 0$aDrywall$xDefects 615 0$aDrywall$xDefects$xGovernment policy 615 0$aConsumer protection 700 $aCackley$b Alicia Puente$01386046 712 02$aUnited States.$bGovernment Accountability Office, 801 0$bGPO 801 1$bGPO 906 $aDOCUMENT 912 $a9910708275203321 996 $aInformation on defective drywall$93540433 997 $aUNINA